Statistiques concernant Les footballeurs allemand en 2024 (image)

Cliquez ici pour prendre le quiz!

Statistiques générales

  • Ce quiz a été pris 130 fois
  • Le résultat moyen est 18 sur 20

Statistiques - réponses

Réponse% Correct
Antonio Rüdiger
98%
Ilkay Gündogan
98%
Leroy Sané
98%
Manuel Neuer
98%
Marc-André ter Stegen
98%
Thomas Müller
98%
Toni Kroos
98%
Jamal Musiala
97%
Joshua Kimmich
97%
Kai Havertz
96%
Marco Reus
96%
Mats Hummels
94%
Kevin Trapp
93%
Serge Gnabry
93%
Leon Goretzka
91%
Florian Wirtz
88%
Niklas Süle
88%
Julian Brandt
83%
Karim Adeyemi
76%
Robin Gosens
50%

Distribution des résultats

Percentile par nombre de réponses

% des personnes avec chaque résultat

Votre développement - résultats

Vous n’avez pas pris ce quiz